1128 1107 1976 1089 1813 1886 1219 1932 1976 1740 1184 1456 1282 1528 1218 1078 1016 1733 1742 1157 1874 1645 1745 1112 1188 1613 1449 1509 1334 1612 1354 1899 1877 1362 1453 1172 1562 1420 1393 1027 1383 1953 1709 1564 1499 1596 1867 1223 1126 1360 1105 1907 1349 1974 1859 1322 1641 1074 1738 1394 1815 1089 1485 1424 1898 1191 1317 1670 1425 1409 1644 1525 1006 1635 1238 1981 1018 1735 1383 1115 1945 1283 1406 1929 1597 1113 1068 1525 1239 1820 1189 1532 1871 1713 1426 1534 1135 1632 1771 BCNSPRNW ULIB Ver.6.0+V

เปลี่ยนเป็นภาษาไทย

Change to English
 แสดงรายละเอียดบรรณานุกรม
  กลับหน้าหลัก

Brief Record : Get Marc (ISO 2709) : E-mail record : QR code < ปิดหน้าต่าง
LEADER : 00000nam 2200000uu 4500
001    13399120179
003     ULIB
008    120905s2550||||th 000 0 tha d
020    ^a9789748001562
060 04 ^aWB205^bพ874ค 2550
100 0  ^aเพ็ญจันท์ สุวรรณแสง โมไนยพงศ์
245 10 ^aคู่มือตรวจผู้ป่วยนอก /^cเพ็ญจันท์ สุวรรณแสง โมไนยพงศ์
250    ^aพิมพ์ครั้งที่ 13
260    ^aกรุงเทพฯ :^bศูนย์หนังสือจุฬาลงกรณ์มหาวิทยาลัย,^c2550
300    ^aก-ซ, 454 หน้า :^bภาพประกอบ ;^c26 ซม.
650  7 ^aการตรวจร่างกาย^vคู่มือ
945    ^p0^l0^i15192
995    ^aกัณชพร
999 ^a ใช้งานได้ทุกระบบ
รายการนี้ยังไม่มีแท็ก
คุณยังไม่ได้ล็อกอิน คุณสามารถมีกิจกรรมร่วมกับเว็บไซต์ได้ แต่ต้องล็อกอินก่อน ::
  ล็อกอิน

รายการสื่อสารสนเทศ

ลำดับที่ ประเภท เลขเรียก/บาร์โค้ด สถานที่ สถานะ
1. วิทยาศาสตร์การแพทย์ และสุขภาพ
วิทยาศาสตร์การแพทย์ และสุขภาพ
WB205 พ874ค 2550  
  Barcode: 15192
ห้องสมุดวิทยาเขตสวรรค์ประชารักษ์
►ส่วนจัดเก็บหนังสือเก่า สปร
บนชั้น
  ขอยืม

รายการใกล้เคียง
    ผู้แต่ง [เพ็ญจันท์ สุวรรณแสง โมไนยพงศ์]

BibComment


ยังไม่เคยถูกคอมเมนท์

คอมเมนท์ทรัพยากรรายการนี้
  คอมเมนท์: คู่มือตรวจผู้ป่ว..


 Copyright 2026. Bcnsprnw @Library